Report Of The Finance Committee On Expenditure In Advance Of Appropriation, January To March, 2017 (Record no. 4318)

MARC details
000 -LEADER
fixed length control field 00597nam a22001697a 4500
003 - CONTROL NUMBER IDENTIFIER
control field OSt
005 - DATE AND TIME OF LATEST TRANSACTION
control field 20240806145201.0
008 - FIXED-LENGTH DATA ELEMENTS--GENERAL INFORMATION
fixed length control field 240806b |||||||| |||| 00| 0 eng d
041 ## - LANGUAGE CODE
Language code of text/sound track or separate title English
082 ## - DEWEY DECIMAL CLASSIFICATION NUMBER
Classification number CR/AA/16 Acc.no.:9586
110 ## - MAIN ENTRY--CORPORATE NAME
Corporate name or jurisdiction name as entry element Parliament Of The Fourth Republic Of Ghana
245 ## - TITLE STATEMENT
Title Report Of The Finance Committee On Expenditure In Advance Of Appropriation, January To March, 2017
260 ## - PUBLICATION, DISTRIBUTION, ETC.
Place of publication, distribution, etc. Accra
Name of publisher, distributor, etc. Parliament Of The Fourth Republic Of Ghana
Date of publication, distribution, etc. 2016
300 ## - PHYSICAL DESCRIPTION
Extent 10p., tabs.;
653 ## - INDEX TERM--UNCONTROLLED
Uncontrolled term Expenditure In Advance Of Appropriation, January To March, 2017
942 ## - ADDED ENTRY ELEMENTS (KOHA)
Source of classification or shelving scheme Dewey Decimal Classification
Koha item type Reports
Suppress in OPAC No

No items available.

©2026  Parliament of Ghana Library - All rights reserved